000 00422nam a2200157Ia 4500
003 GCL
008 140319s9999 xx 000 0 eng d
040 _aGCL /
_cGCL
082 0 4 _a770
_bJ M
100 1 _aJACOBSON, RALPH E.
245 1 0 _aTHE MANUAL OF PHOTOGRAPHY /
_cJACOBSON, RALPH E.
700 1 _aRAY, SIDNEY \\=aGEAFFREY, AHSIDGEv
260 _a[S.N] :
_bNONE ،
_c1988
650 0 4 _aPHOTOGRAPHY
942 _2ddc
_cBK
999 _c17230
_d17230